000
002750000a22000970004500
100
1
_a
Cedar, Paul A. (1938-)
245
1
0
_a
The role of the local church in world evangelization
300
_a
Vol 16, Núm 58 (1989), Páginas 13-15
773
0
_t
World Evangelization
942
_c
ANA
999
_c
57899
_d
57899